000 00529nam a22001817a 4500
003 OSt
008 260130b |||||||| |||| 00| 0 eng d
020 _a9788171324750
082 _a635.91
_bB57V
100 _aBhattacharjee, S. K.
245 _aVistas in Floriculture /
_cby Supriya Kumar Bhattacharjee
260 _a.- Jaipur
_b: Pointer Publishers
_c, 2025
300 _axxiv,355p.
650 _aTechnology (Applied Sciences)
650 _aAgriculture and Related Technologies
650 _aFloriculture
942 _2ddc
_cBK
999 _c49930
_d49930